Flags of Spain - Autonomous Communities and Cities - Statistics

General Stats
  • This quiz has been taken 25 times
  • The average score is 12 of 19
Answer Stats
Picture Answer % Correct
Catalonia
100%
Basque Country
89%
Castile and Leon
79%
Galicia
74%
Madrid
74%
Aragon
68%
Asturias
68%
Canary Islands
68%
Valencia
68%
Andalusia
63%
Castile La Mancha
63%
Ceuta
63%
Balearic Islands
58%
Navarre
53%
La Rioja
47%
Melilla
47%
Murcia
47%
Cantabria
42%
Extremadura
42%
No matching quizzes found
Score Distribution
Percent of People with Each Score
Percentile by Number Answered
Your Score History
You have not taken this quiz